000 00442nam a22001697a 4500
020 _a9788198286253
082 _aM803
_bSAC/A
100 _aSachidanandan K.
245 _aAviramam:
_baathmaakhyaanangal/
_cby Sachidanandan K.
260 _aIndia:
_bCarnet Books,
_c2026.
300 _a271p.
650 _aMemoirs Sachidanandan K.
650 _aMemoirs Malayalam
650 _aLiterature Malayalam
650 _aLiterature
942 _cBK
999 _c181961
_d181961